LIBRARY & INFORMATION CENTRE, KCAET, TAVANUR

ONLINE PUBLIC ACCESS CATALOGUE (OPAC)

Optimization: Theory and application / (Record no. 10500)

MARC details
000 -LEADER
fixed length control field 00595cam a2200241ua 4500
020 ## - INTERNATIONAL STANDARD BOOK NUMBER
ISBN 0-85226-756-8
041 ## - LANGUAGE CODE
Language code of text/sound track or separate title eng
082 ## - DEWEY DECIMAL CLASSIFICATION NUMBER
Classification number 519.3
Item number RAO/OP
100 ## - MAIN ENTRY--AUTHOR NAME
Personal name Rao, S S .
245 ## - TITLE STATEMENT
Title Optimization: Theory and application /
250 ## - EDITION STATEMENT
Edition statement 2 /
260 ## - PUBLICATION, DISTRIBUTION, ETC. (IMPRINT)
Place of publication New Delhi :
Name of publisher New Age International Ltd ,
Year of publication 1984.
300 ## - PHYSICAL DESCRIPTION
Number of Pages 747 ; .
500 ## - GENERAL NOTE
General note *CSS
942 ## - ADDED ENTRY ELEMENTS (KOHA)
Koha item type Books
Holdings
Withdrawn status Lost status Damaged status Home library Current library Date acquired Full call number Accession Number Koha item type
      KAUAET KAUAET 07/04/2012 519.3 RAO/OP 16558 Books
      KAUAET KAUAET 07/04/2012 519.3 RAO/OP 18750 Books
      KAUAET KAUAET 07/04/2012 519.3 RAO/OP 19362 Books
      KAUAET KAUAET 30/08/2018 519.3 RAO/OP 19179 Books
      KAUAET KAUAET 30/08/2018 519.3 RAO/OP 19178 Books
free website counter